000 00714nam a2200265Ia 4500
005 20260302114427.0
008 008 260114s9999 xx 000 0 eng d
020 _a9781978736030
037 _aTextbook
040 _aCRL
040 _beng
040 _cCRL
041 _2eng
041 _aeng
084 _qCRL
100 _aRochelle M. Green
_91118738
245 0 _aTheories of Hope Exploring Alternative Affective Dimensions of Human Experience
260 _bBloomsbury
260 _bLexington Books
260 _c2018
650 _aPhilosophy
856 _uhttps://doi.org/10.5040/9781978736030?locatt=label:secondary_bloomsburyCollections
942 _cEBOOK
999 _c1682513
_d1682513